Statistiken für Osnabrück-Quiz

Klicken Sie hier um das Quiz zu spielen!

Allgemein

  • Dieses Quiz wurde 117 mal gespielt
  • Das Durchschnittsergebnis liegt bei 9 aus 20

Antwortstatistiken

HintAntwort% Korrekt
Bundesland, in welchem Osnabrück liegtNiedersachsen
100%
Angrenzendes Bundesland?Nordrhein-Westfalen
84%
Die ersten 2 Ziffern der PLZ49
74%
Fluss, der durch Osnabrück fließtHase
70%
Schlacht im Umland zur RömerzeitVarusschlacht
66%
Gebirge im Süden von OsnabrückTeutoburger Wald
52%
Höchster Berg in der Stadt OsnabrückPiesberg
51%
Osnabrück ist eine _____freie Stadt.kreis
49%
In wie viele Stadtteile ist OS aufgeteilt?23
42%
Geologischer Begriff und Stadtteil von OSWüste
42%
Oberbürgermeister (Stand 2023)
"Name (Partei)"
Katharina Pötter (CDU)
41%
Gebirge, das nördlich von Osnabrück liegtWiehengebirge
39%
Nachbargemeinde H________Hasbergen
37%
Figur vor dem Dom (Sage)Löwenpudel
28%
Lokaler Festtag im FebruarOssensamstag
24%
Museum mit Bildern eines jüdischen MalersFelix-Nussbaum-Haus
23%
Gründer der StadtKarl der Große
19%
Größte (höchste) KircheKatharinenkirche
17%
Konfession mit den meisten Anhängernrömisch-katholisch
13%
Naherholungsgebiet im Norden der StadtBürgerpark
4%

Verteilung der Resultate

Perzentil nach korrekt beantworteten Fragen

Anzahl Personen mit jedem Resultat

Ihre Resultats-Entwicklung

Sie haben dieses Quiz noch nicht gespielt